LEADER 01319nam a2200325 a 4500 001 000000125638 003 CaOOAMICUS 005 20110610101938.0 008 110610s2010 it u000 u ita r 020 $a978-88-7180-913-7 040 $aPUL$bita 041 1 $aita$hfre 082 04$a225.6 100 1 $aManns, Frédéric,$cO.F.M.,$d1942-$0(OLS)http://pul/name/2962 240 10$aVoici l'Homme.$lItaliano.$0(OLS)http://pul/title/158430 245 10$aEcce homo :$buna lettura ebraica dei Vangeli /$cFrédéric Manns. 260 $aTorino :$bLindau,$c©2011. 300 $a346 p. ;$c21 cm. 490 1 $aI Pellicani 504 $aInclude riferimenti bibliografici ed indice. 630 04$aBiblia.$pN.T.$xCritica e interpretazione.$0(OLS)http://pul/subject/1926 830 2$aI Pellicani (Lindau).$0(OLS)http://pul/title/136966 850 $aPUL 852 $aPUL$W1$xSL Religione 3$y85$m225. 6 MANFR 1$j144726$qDDC 21$B143740$CPULBib$Z2$F143740 $H117197 $82 941 1 $a9 996 $6020$a978-88-7180-913-7$9(OLS)http://pul/number/147436 996 $6082$a225.6$9(OLS)http://pul/classification/1734 996 $6245$aEcce homo :$buna lettura ebraica dei Vangeli$9(OLS)http://pul/title/158432 996 $6260$aTorino :$bLindau$9(OLS)http://pul/publisher/70945 LEADER 01192nam a2200289 a 4500 001 000000143954 003 CaOOAMICUS 005 20150610095532.0 008 150610s2015 it u000 u ita r 020 $a978-88-88758-78-7 040 $aPUL$bita 082 04$a232 100 1 $aOrlando, Luigi,$csac.$0(OLS)http://pul/name/84590 245 10$aInni a Gesù Signore :$balle origini della Chiesa, Fil 2,6-11; Col 1,15-20; 1Tm 3,16 /$cLuigi Orlando. 260 $aBari :$bEcumenica,$c2015. 300 $a174 p. ;$c24 cm 500 $aContiene indici. 504 $aBibliografia in nota. 630 04$aBiblia.$pN.T.$xCritica e interpretazione.$0(OLS)http://pul/subject/1926 850 $aPUL 852 $aPUL$W1$xSL Religione 3$y85$m232 ORLLU 1$j166016$qDDC 21$B166453$CPULBib$Z2$F166453 $H126079 $82 941 1 $a9 996 $6020$a978-88-88758-78-7$9(OLS)http://pul/number/157823 996 $6082$a232$9(OLS)http://pul/classification/381 996 $6245$aInni a Gesù Signore :$balle origini della Chiesa, Fil 2,6-11; Col 1,15-20; 1Tm 3,16$9(OLS)http://pul/title/182124 996 $6260$aBari :$bEcumenica$9(OLS)http://pul/publisher/53992